Uomini su uomini

محفوظ في:
التفاصيل البيبلوغرافية
المؤلف الرئيسي: Stambolian George
التنسيق: كتاب
اللغة:لغة غير معروفة
منشور في: Viterbo Stampa Alternativa 1996
الوسوم: إضافة وسم
لا توجد وسوم, كن أول من يضع وسما على هذه التسجيلة!

MARC

LEADER 00000nam a2200000Ia 4500
001 151
003 NUMERAZIONE-ORIGINALE-BRESCIA
005 20260206230748.0
008 260206s9999 xx 000 0 und d
100 |a Stambolian George 
245 0 |a Uomini su uomini 
260 |a Viterbo 
260 |b Stampa Alternativa 
260 |c 1996 
500 |a Nuova letteratura gay americana 
942 |2 ddc  |c BK  |n 0 
952 |0 0  |1 0  |2 ddc  |4 0  |6 14  |7 0  |9 28344  |a BS  |b BS  |d 2026-02-06  |i 151  |l 0  |o 1-4-*  |r 2026-02-06 22:40:33  |w 2026-02-06  |x [REVISIONARE]  |y BK 
999 |c 24032  |d 24032